Catalog

Record Details

Catalog Search



Dějinná půda husitsví Za jednotou křesťanstva Křesťanství a klerikalismus  Cover Image Book Book

Dějinná půda husitsví Za jednotou křesťanstva Křesťanství a klerikalismus / Timoteus Č. Zelinka ; F. Žilka, M. Krejčí ; Josef Jadrníček

Zelinka, Timoteus Č. (Author). Žilka, František (Added Author). Jadrníček, Josef (Added Author). Krejčí, M. (Added Author).

Record details

  • Physical Description: 63 + 14 + 79 + 46 s.
  • Publisher: s.l. T. Č. Zelinka /19--?/

Available copies

  • 1 of 1 copy available at Common Catalog SPOK.

Holds

  • 0 current holds with 1 total copy.
Show Only Available Copies
Location Call Number / Copy Notes Barcode Shelving Location Status Due Date
ETS Library 284.3 424470004035 Volný výběr Available -

LDR 00897nam a2 00265
00140029
003CZ-PrJAB
00520030724000000.0
008030624s1800 xr e |||| |cze
009cz
035 . ‡a(CONS)10414
035 . ‡aKPS11674
040 . ‡aABG450
041 . ‡acze
08214. ‡a284.3
100 . ‡73432 ‡aZelinka, Timoteus Č.
245 . ‡aDějinná půda husitsví ‡aZa jednotou křesťanstva ‡aKřesťanství a klerikalismus / ‡cTimoteus Č. Zelinka ; F. Žilka, M. Krejčí ; Josef Jadrníček
260 . ‡as.l. ‡bT. Č. Zelinka ‡c/19--?/
300 . ‡a63 + 14 + 79 + 46 s.
653 . ‡aDějinná půda husitsví ‡aZa jednotou křesťanstva ‡aKřesťanství a klerikalismus
700 . ‡75505 ‡aŽilka, František
700 . ‡75703 ‡aJadrníček, Josef
700 . ‡75702 ‡aKrejčí, M.
8524 . ‡bETS ‡bETS ‡cVolný výběr ‡j284.3 ‡gA ‡p424470004035
910 . ‡aABG450
999 . ‡a10414 ‡bAUTOGEN ‡c10414 ‡tbiblio
905 . ‡uadmin
901 . ‡a40029 ‡b ‡c40029 ‡tbiblio ‡sets

Additional Resources